| 000 | 00632cam a2200217 a 4500 | ||
|---|---|---|---|
| 001 | 000019280 | ||
| 005 | 20200929165954.0 | ||
| 008 | 900326s1988 cu a 001 j spa d | ||
| 040 |
_aDO-SdBNP _bspa _cDLC _dBNPHU |
||
| 082 |
_aCu863.44 _bM778f |
||
| 100 | 1 |
_aMontero, Reinaldo, _d1952- _941470 |
|
| 245 | 1 | 0 |
_aFabriles / _cReinaldo Montero. |
| 260 |
_aLa Habana, Cuba : _bEditorial Letras Cubanas, _c1988. |
||
| 300 |
_a237 p. : _bil. ; _c18 cm. |
||
| 490 | 1 | _aEspiral | |
| 650 | 4 |
_aNovela cubana _92316 |
|
| 650 | 4 |
_aLiteratura cubana _91483 |
|
| 830 | 0 |
_aEspiral _914718 |
|
| 910 | _aCatalogación derivada / LC | ||
| 049 | _aBNGR | ||
| 999 |
_c18798 _d18798 |
||